Κακοποίηση ανηλίκων στο ενδοοικογενειακό περιβάλλον : πτυχιακή εργασία

Αποθηκεύτηκε σε:
Λεπτομέρειες βιβλιογραφικής εγγραφής
Κύριος συγγραφέας: Χαζίρη, Καλλιόπη
Συγγραφή απο Οργανισμό/Αρχή: Πανεπιστήμιο Αιγαίου Σχολή Κοινωνικών Επιστημών Τμήμα Κοινωνιολογίας
Άλλοι συγγραφείς: Γεωργούλας, Στράτος (Εισηγητής διατριβής)
Μορφή: Thesis Βιβλίο
Γλώσσα:Greek
Δημοσίευση: Μυτιλήνη : Πανεπιστήμιο Αιγαίου, Τμήμα Κοινωνιολογίας, 2003
Θέματα:
Διαθέσιμο Online:http://hdl.handle.net/11610/7879
Ετικέτες: Προσθήκη ετικέτας
Δεν υπάρχουν, Καταχωρήστε ετικέτα πρώτοι!

MARC

LEADER 00000cam a2200000 i 4500
001 1/84307
008 050829s2003 gre d
035 |l 10079989 
040 |a GR-MY-UA  |b gre  |e aacr 
041 0 |a gre 
100 1 |a Χαζίρη, Καλλιόπη. 
245 1 0 |a Κακοποίηση ανηλίκων στο ενδοοικογενειακό περιβάλλον :  |b πτυχιακή εργασία /  |c Χαζίρη Καλλιόπη ; υπέυθυνος καθηγητής Γεωργούλας 
260 |a Μυτιλήνη :   |b Πανεπιστήμιο Αιγαίου, Τμήμα Κοινωνιολογίας,   |c 2003 
300 |a 75 σ.;  |c 30 εκ. 
502 # # |a Πτυχιακή εργασία – Πανεπιστήμιο Αιγαίου, Λέσβος, 2003. 
504 |a Βιβλιογραφία: 73-75 
650 0 0 |a Child sexual abuse. 
650 0 0 |a Psychological abuse of children. 
650 0 0 |a Abuse of children. 
650 0 0 |a Sexual abuse of teenagers. 
650 0 0 |a Dissertations, Academic  |z Greece. 
700 1 |4 ths  |a Γεωργούλας, Στράτος. 
710 2 |a Πανεπιστήμιο Αιγαίου  |b Σχολή Κοινωνικών Επιστημών  |b Τμήμα Κοινωνιολογίας. 
852 |a INST  |b LESVOS  |c DIATR  |e 20050829  |h 55  |p 005100031194  |q 005100031194  |t DIE  |y 23 
852 |a INST  |b LESVOS  |c DIATR  |e 20050829  |h 56  |p 005100031193  |q 005100031193  |t DIE  |y 23 
856 |u http://hdl.handle.net/11610/7879 
901 |a BIBL1-2005-2 
909 |a Λ  |b 107095 
909 |a Λ  |b 107116 
924 |a ΧΑΖΙΡΗ  |b ΚΑΛΛΙΟΠΗ  |y ΛΕΣΒΟΣ  |z 2003-11 
970 |a ΜΑΡΙΝΑΤΟΥ  |b ΜΥΡΣΙΝΗ  |z 2005/08/29